Operational amplifiers / (Record no. 178689)
[ view plain ]
| 000 -LEADER | |
|---|---|
| fixed length control field | 01283 a2200253 4500 |
| 003 - CONTROL NUMBER IDENTIFIER | |
| control field | Nust |
| 005 - DATE AND TIME OF LATEST TRANSACTION | |
| control field | 20221202110918.0 |
| 010 ## - LIBRARY OF CONGRESS CONTROL NUMBER | |
| LC control number | 2005279324 |
| 020 ## - INTERNATIONAL STANDARD BOOK NUMBER | |
| International Standard Book Number | 0750659149 (pbk.) |
| 040 ## - CATALOGING SOURCE | |
| Transcribing agency | Nust |
| 082 ## - DEWEY DECIMAL CLASSIFICATION NUMBER | |
| Classification number | 621.38153,CLA |
| 100 1# - MAIN ENTRY--PERSONAL NAME | |
| Personal name | Clayton, G. B. |
| 9 (RLIN) | 103988 |
| 245 10 - TITLE STATEMENT | |
| Title | Operational amplifiers / |
| Statement of responsibility, etc. | George Clayton and Steve Winder. |
| 250 ## - EDITION STATEMENT | |
| Edition statement | 5th ed. |
| 260 ## - PUBLICATION, DISTRIBUTION, ETC. | |
| Place of publication, distribution, etc. | Oxford ; |
| -- | Boston |
| Name of publisher, distributor, etc. | Newnes, |
| Date of publication, distribution, etc. | 2003. |
| 300 ## - PHYSICAL DESCRIPTION | |
| Extent | 386 p. : |
| Other physical details | ill. ; |
| Dimensions | 25 cm. |
| 505 ## - FORMATTED CONTENTS NOTE | |
| Formatted contents note | Fundamentals (Page-1), Real op-amp performance parameters (Page-11), Analogue integrated circuit technology (Page-64), Applications: linear circuits (Page-82), Logarithmic amplifiers and related circuits (Page-109), Integrators and differentiators (Page-146), Comparator, monostable and oscillator circuits (Page-171), Sensor interface, analogue processing and digital conversion (Page-199), Active filters (Page-230), Practical considerations (Page-267). |
| 650 #0 - SUBJECT ADDED ENTRY--TOPICAL TERM | |
| Topical term or geographic name entry element | Electronic measurements. |
| 9 (RLIN) | 41546 |
| 650 #0 - SUBJECT ADDED ENTRY--TOPICAL TERM | |
| Topical term or geographic name entry element | Operational amplifiers. |
| 9 (RLIN) | 56206 |
| 700 1# - ADDED ENTRY--PERSONAL NAME | |
| Personal name | Winder, Steve. |
| 9 (RLIN) | 63743 |
| 856 42 - ELECTRONIC LOCATION AND ACCESS | |
| Materials specified | Publisher description |
| Uniform Resource Identifier | <a href="http://www.loc.gov/catdir/enhancements/fy0626/2005279324-d.html">http://www.loc.gov/catdir/enhancements/fy0626/2005279324-d.html</a> |
| 856 42 - ELECTRONIC LOCATION AND ACCESS | |
| Materials specified | Table of contents only |
| Uniform Resource Identifier | <a href="http://www.loc.gov/catdir/enhancements/fy0626/2005279324-t.html">http://www.loc.gov/catdir/enhancements/fy0626/2005279324-t.html</a> |
| 942 ## - ADDED ENTRY ELEMENTS (KOHA) | |
| Source of classification or shelving scheme | |
| Koha item type | Book |
| Withdrawn status | Lost status | Source of classification or shelving scheme | Damaged status | Not for loan | Permanent Location | Current Location | Shelving location | Date acquired | Full call number | Barcode | Date last seen | Price effective from | Koha item type | Public note |
|---|---|---|---|---|---|---|---|---|---|---|---|---|---|---|
| Military College of Signals (MCS) | Military College of Signals (MCS) | General Stacks | 12/12/2016 | 621.38153,CLA | MCS32359 | 12/08/2016 | 12/12/2016 | Book | Almirah No.34, Shelf No.2 |
